| 000 | 00460pab a2200169 454500 | ||
|---|---|---|---|
| 008 | 180718b2014 xxu||||| |||| 00| 0 eng d | ||
| 100 | _aSharma, P.B. | ||
| 245 | _aCreating new science and new engineering on the strength of interdisciplinary education and research | ||
| 260 | _c2014 | ||
| 300 | _ap.46-49. | ||
| 362 | _a17 Feb | ||
| 650 | _aResearch | ||
| 650 | _aEngineering education | ||
| 773 | _aUniversity News | ||
| 908 | _aN | ||
| 909 | _a103058 | ||
| 999 |
_c103055 _d103055 |
||